00370nam a2200133Ia 450000500170000000800410001708200130005824500510007126000430012230000130016550000120017870000230019070000230021320241220064826.0240331s9999 xx 000 0 und d bHONa824 0aHonouring E.F.C.Ludowyk :bfelicitation essays aDehiwalabTisara Prakasakayo Ltdc1984 a338 p ., aA Novel aColin-Thome,Peedt aHalpe, Ashleyeedt